[Event "Hradec Kralove Region-chT 0506"]
[Site "Czech Republic"]
[Date "2006.03.05"]
[Round "9.8"]
[White "Moller, Kamil"]
[Black "Luks, Martin"]
[Result "1-0"]
[WhiteElo "2004"]
[BlackElo "1858"]
[PlyCount "104"]
[EventDate "2005.10.23"]
[EventType "team-tourn"]
[EventRounds "11"]
[EventCountry "CZE"]
[SourceTitle "EXT 2024"]
[Source "ChessBase"]
[SourceDate "2023.10.10"]
[SourceVersion "1"]
[SourceVersionDate "2023.10.10"]
[SourceQuality "1"]
[WhiteTeam "Jaromer Jiskra"]
[BlackTeam "Jicin"]
[WhiteTeamCountry "CZE"]
[BlackTeamCountry "CZE"]

1. e4 e5 2. Bc4 Nc6 3. Nc3 Bc5 4. Nge2 d6 5. h3 Be6 6. Nd5 Na5 7. Bd3 f5 8. c3 Nf6 9. Nxf6+ Qxf6 10. 0-0 Nc6 11. exf5 Bxf5 12. Bxf5 Qxf5 13. d4 Bb6 14. Qb3 0-0-0 15. Be3 Rhe8 16. d5 Ne7 17. c4 Bxe3 18. fxe3 Qg5 19. e4 Rf8 20. Ng3 Rf6 21. Rxf6 gxf6 22. Rf1 Rg8 23. Kh2 h5 24. Qf3 h4 25. Nh5 Rf8 26. Qg4+ Qxg4 27. hxg4 Kd8 28. g5 f5 29. Ng7 Rf7 30. Nxf5 Ng6 31. Rf3 Rh7 32. Nh6 Nf4 33. g3 hxg3+ 34. Kxg3 Rg7 35. Kg4 Ke8 36. b4 b6 37. Ra3 Kd7 38. b5 Ng2 39. Nf5 Rg8 40. Rh3 Nf4 41. Rh7+ Kd8 42. Ne7 Re8 43. Nc6+ Kc8 44. Nxa7+ Kb7 45. Nc6 Nd3 46. g6 Nf2+ 47. Kf3 Rf8+ 48. Ke3 Ng4+ 49. Ke2 Nf6 50. Rf7 Rxf7 51. gxf7 Nh7 52. Nd8+ Kc8 1-0